Caricamento...
Programming with C++
| Autore principale: | |
|---|---|
| Natura: | Printed Book |
| Pubblicazione: |
New Delhi
TMH
2000
|
| Edizione: | 2nd |
| Soggetti: |
| LEADER | 00540nam a22001817a 4500 | ||
|---|---|---|---|
| 020 | |a 0070473773 | ||
| 082 | |a 005.133 C++ |b HUB | ||
| 100 | |a Hubbard,John R. | ||
| 245 | |a Programming with C++ | ||
| 250 | |a 2nd | ||
| 260 | |a New Delhi |b TMH |c 2000 | ||
| 300 | |a ix,422 | ||
| 500 | |a Schaum's Outlines:Programming with C++ | ||
| 650 | |a C++ | ||
| 650 | |a Keywords | ||
| 942 | |c BK | ||
| 999 | |c 129799 |d 129795 | ||
| 952 | |0 0 |1 0 |4 0 |6 005_133000000000000_C_HUB |7 0 |8 NFIC |9 128542 |a SPAP |b SPAP |c GEN |d 2017-08-31 |l 0 |o 005.133 C++ HUB |p SPAP2692 |r 2017-08-31 |w 2017-08-31 |y BK | ||